01163nam a2200265 4500003001100000005001700011008004100028040003900069041000800108082001600116100002100132245008200153260003400235300008600269650001400355650002200369650004800391700002400439856013900463942000700602952009100609952009100700952009100791999001500882LK-CoMWRAF20231215103316.0231202b2004 |||||||| |||| 00| 0 eng d aLK-CoMWRAFdLK-CoMWRAFeLK-CoMWRAF aeng a305.42bSHA aShaheed, Farida  aGreat ancestors : women asserting rights in Muslim contexts :bThe narratives aLahore: bShirkat Gah,c 2004 axxi, 193 p. ill. (some color) ; 29 cmb Bibliography, glossary and index included aFEMINISM  aFeminism-Pakistan aWomen Legal status, laws- Islamic countries aShaheed, Aisha, L.F uhttps://shirkatgah.org/shirkat/wp-content/uploads/2017/01/Great-Ancestors-Women-Asserting-Rights-in-Muslim-Contexts-The-Narratives.pdf cBK 00104070aMAINbMAINd2023-12-02l0o305.42 SHApRAF3266r2023-12-02w2023-12-02yBK 00104070aMAINbMAINd2023-12-02l0o305.42 SHApRAF3267r2023-12-02w2023-12-02yBK 00104070aMAINbMAINd2023-12-02l0o305.42 SHApRAF3268r2023-12-02w2023-12-02yBK c4272d4272